00453nam a22001337a 4500003000400000008004100004082001700045100002500062245012500087260005200212300000900264502001500273650003100288OSt260423b |||||||| |||| 00| 0 eng d a634.44bS48E aSingh, Vinod Shankar aEffect of Coloured Alkathene Sheet and PGR on Air-Layering of Mango (Mangifera Indica L.) and Guava (Psidium Guajava L.) aPusa, SamastipurbRAU, Pusa & BAU, Sabourc1988 a64P. bMsc.d1988 aFruit and Fruit Technology